00827 a2200217 45000010006000000050017000060080041000230030015000640400040000790800038001192450062001570200018002192640033002373000019002705050144002890410008004331000027004417000024004687000022004928560095005144110120260407155704.0260407a2004 arg spa dAR-UNSa-BCEJYS aAR-UNSa-BCEJYSbspacAR-UNSa-BCEJYS a336.71xBancos. Sistema bancario 10aBancos en crisispla nueva reforma del sistema financiero a950-894-448-X 1aBuenos Aires :bAD-HOCc2004 a213 p.c23 cm. a1. La crisis bancaria - 2. El mecanismo liquidatorio moderno - 3. La reforma del sistema financiero, herramientas contra la crisis bancaria aspa1 aEstoup, Luis Alejandro1 aMoiseeff, Marcos E.1 aViviani, Jorce C.41uhttps://biblioeco.unsa.edu.ar/pmb/images/libros/L126374.jpgyImagen de portadaqimage/jpeg